Formula one drivers line-up 2001 - Statistics

General Stats
  • This quiz has been taken 105 times
  • The average score is 23 of 29
Answer Stats
Constructor Rounds Driver Nationality % Correct
Ferrari All Michael Schumacher Germany
97%
Williams All Ralf Schumacher Germany
97%
Ferrari All Rubens Barrichello Brazil
92%
McLaren All Mika Häkkinen Finland
89%
McLaren All David Coulthard UK
87%
Benetton All Jenson Button UK
87%
Williams All Juan Pablo Montoya Colombia
87%
Sauber All Kimi Räikkönen Finland
86%
Minardi All Fernando Alonso Spain
84%
BAR All Jacques Villeneuve Canada
84%
Benetton All Giancarlo Fisichella Italy
83%
Jordan All Jarno Trulli Italy
81%
Arrows All Jos Verstappen Netherlands
81%
Jordan 1-11* Heinz-Harald Frentzen Germany
78%
Prost 13-17 Heinz-Harald Frentzen Germany
78%
BAR All Oliver Panis France
78%
Jaguar All Eddie Irvine UK
76%
Jordan 13-17 Jean Alesi France
76%
Prost 1-12 Jean Alesi France
76%
Sauber All Nick Heidfeld Germany
76%
Minardi 15-17 Alex Yoong Malaysia
75%
Jaguar 5-17 Pedro de la Rosa Spain
71%
Jaguar 1-4 Luciano Burti Brazil
65%
Prost 5-14 Luciano Burti Brazil
65%
Prost 1-4 Gastón Mazzacane Argentina
63%
Jordan 8, 12 Ricardo Zonta Brazil
63%
Minardi 1-14 Tarso Marques Brazil
62%
Prost 15-17 Tomáš Enge Czechia
62%
Arrows All Enrique Bernoldi Brazil
56%
No matching quizzes found
Score Distribution
Percent of People with Each Score
Percentile by Number Answered
Your Score History
You have not taken this quiz